000 01028nam a2200265Ia 4500
008 130821s2008 ck gr spa
020 _a9789589610190
040 _aCo-BoUCM
_bspa
041 0 0 _aspa
245 1 3 _aEl impuesto sobre la renta en el derecho comparado reflexiones para Colombia
_cMaria del Pilar Abella Mancera...[et al]
260 _aBogotá (Colombia)
_b[Editorial desconocida]
_c2008
300 _a715 páginas
500 _aHomenaje al Dr Juan Rafael Bravo Arteaga
504 _aIncluye índice general
650 0 4 _aDerecho tributario
_912836
650 0 4 _aImpuestos
_zColombia
_917253
650 0 4 _aTributación económica
_zColombia
_925886
700 1 _aAbella Mancera, María del Pilar
_9165463
700 1 _aAlfonso Bernal, Juan I
_9154352
700 1 _aAlfonso Hostios, Luz Clemencia
_9165464
700 1 _aAmaya Mantilla, Vicente
_9165465
710 _aInstituto Colombiano de Derecho Tributario
_960620
942 _cLIBRO
_a8
_e1
_mI349
_2DEWEY
_h343.04
999 _c61539
_d61539